Catálogo público

Queso menonita (Record no. 217798)

MARC details
000 -CABECERA
campo de control de longitud fija 01271ngc a2200337 a 4500
003 - IDENTIFICADOR DEL NÚMERO DE CONTROL
campo de control CHAP
005 - FECHA Y HORA DE LA ÚLTIMA TRANSACCIÓN
campo de control 20221115124302.0
007 - CAMPO FIJO DE DESCRIPCIÓN FÍSICA--INFORMACIÓN GENERAL
campo de control de longitud fija vz czazzs
008 - DATOS DE LONGITUD FIJA--INFORMACIÓN GENERAL
campo de control de longitud fija 221013s2014 mx 171|f |||| s0| vlspa d
040 ## - FUENTE DE LA CATALOGACIÓN
Centro catalogador/agencia de origen mxchpua
Centro/agencia transcriptor CHAP
090 ## - LOCALMENTE ASIGNADO TIPO-LC NÚMERO DE CLASIFICACIÓN (OCLC); NÚMERO DE CLASIFICACIÓN LOCAL (RLIN)
Número de clasificación (OCLC) (R) ; Numero de clasificación, CALL (RLIN) (NR) Vídeo
245 10 - MENCIÓN DE TÍTULO
Título Queso menonita
Medio [Videograbación]
250 ## - MENCIÓN DE EDICIÓN
Mención de edición 1a edición
260 ## - PUBLICACIÓN, DISTRIBUCIÓN, ETC.
Lugar de publicación, distribución, etc. México :
Nombre del editor, distribuidor, etc. El autor,
Fecha de publicación, distribución, etc. 2014
306 ## - TIEMPO DE REPRODUCCIÓN/DURACIÓN
Tiempo de reproducción/duración 001716
490 1# - MENCIÓN DE SERIE
Mención de serie Vídeos de Quesos Madurados ;
Designación de volumen o secuencia 6
500 ## - NOTA GENERAL
Nota general Duración: 17:16 minutos<br/>
505 00 - NOTA DE CONTENIDO CON FORMATO
Título Introducción
Información miscelánea (00:03) --
Título Orígen
Información miscelánea (01:00) --
Título Menonitas Casos de la Vida Real
Información miscelánea (14:20) --
511 0# - NOTA DE PARTICIPANTES O INTÉRPRETES
Nota de participantes o intérpretes Conductor: Leonel Rodríguez<br/>Conductora: Liza Morales <br/>Historiador: Jesús Vargas<br/>Comerciante: Oscar Gutiérrez Rascón
521 4# - NOTA DE PÚBLICO DESTINATARIO
Nota de público destinatario Obra recomendada para estudiantes del Departamento de Ingeniería Agroindustrial
538 ## - NOTA DE DETALLES DEL SISTEMA
Nota de detalles del sistema Modo de acceso: Internet
546 ## - NOTA DE LENGUA/LENGUAJE
Nota de lengua/lenguaje Audio: En español
650 13 - PUNTO DE ACCESO ADICIONAL DE MATERIA--TÉRMINO DE MATERIA
9 (RLIN) 144437
Término de materia o nombre geográfico como elemento de entrada Queso artesanal
Subdivisión geográfica México
-- Chihuahua
650 13 - PUNTO DE ACCESO ADICIONAL DE MATERIA--TÉRMINO DE MATERIA
9 (RLIN) 142991
Término de materia o nombre geográfico como elemento de entrada Fabricación de queso
650 13 - PUNTO DE ACCESO ADICIONAL DE MATERIA--TÉRMINO DE MATERIA
9 (RLIN) 152329
Término de materia o nombre geográfico como elemento de entrada Tecnología lechera
650 13 - PUNTO DE ACCESO ADICIONAL DE MATERIA--TÉRMINO DE MATERIA
9 (RLIN) 185223
Término de materia o nombre geográfico como elemento de entrada Artisan cheese
Subdivisión geográfica Mexico
-- Chihuahua
650 13 - PUNTO DE ACCESO ADICIONAL DE MATERIA--TÉRMINO DE MATERIA
9 (RLIN) 146964
Término de materia o nombre geográfico como elemento de entrada Cheesemaking
650 13 - PUNTO DE ACCESO ADICIONAL DE MATERIA--TÉRMINO DE MATERIA
9 (RLIN) 161553
Término de materia o nombre geográfico como elemento de entrada Dairy technology
856 ## - LOCALIZACIÓN Y ACCESO ELECTRÓNICOS
Texto de enlace VER VÍDEO
Identificador Uniforme del Recurso <a href="http://10.13.5.2/video/Queso_Menomita.m4v">http://10.13.5.2/video/Queso_Menomita.m4v</a>
942 ## - ELEMENTOS DE PUNTO DE ACCESO ADICIONAL (KOHA)
Fuente del sistema de clasificación o colocación Clasificación Universidad Autónoma de Chapingo
Tipo de ítem Koha Vídeo
Holdings
Estado de retiro Estado de pérdida Fuente del sistema de clasificación o colocación Estado dañado No para préstamo Código de colección Localización permanente Ubicación/localización actual Ubicación en estantería Fecha de adquisición Fuente de adquisición Total de préstamos Código de barras Fecha visto por última vez Precio válido a partir de Tipo de ítem Koha
    Clasificación Universidad Autónoma de Chapingo     Videos Ingenieria Agroindustrial Ingenieria Agroindustrial En línea 15/11/2022 El autor   1210014928 15/11/2022 15/11/2022 Vídeo